000 00830nam a22002057a 4500
005 20140310183651.0
008 140123b xxu||||| |||| 00| 0 eng d
020 _a9780525478188
050 _aPZ 7
_b.G8233Pap 2008
100 _aGreen, John
245 _aPaper Towns /
_cJohn Green.
260 _aUnited States :
_bDutton Books,
_c 2008.
300 _a305p. :
_c22 cm.
520 _aOne month before graduating from his Central Florida high school, Quentin "Q" Jacobsen basks in the predictable boringness of his life until the beautiful and exciting Margo Roth Spiegelman, Qs neighbor and classmate, takes him on a midnight adventure and then mysteriously disappears.
650 _aMissing persons-Fiction
650 _aFlorida-Fiction
650 _aComing of Age- Fiction
942 _2lcc
_cBK
999 _c26089
_d26089